Russian Thinkers (Record no. 576990)

MARC details
000 -LEADER
fixed length control field 01027nam a2200169Ia 4500
008 - FIXED-LENGTH DATA ELEMENTS--GENERAL INFORMATION
fixed length control field 250723s9999 xx 000 0 und d
020 ## - INTERNATIONAL STANDARD BOOK NUMBER
ISBN 9780141442204
082 ## - DEWEY DECIMAL CLASSIFICATION NUMBER
Classification number 947.07
Item number BER
100 ## - MAIN ENTRY--AUTHOR NAME
Personal name Berlin, Isaiah
245 #0 - TITLE STATEMENT
Title Russian Thinkers
260 ## - PUBLICATION, DISTRIBUTION, ETC. (IMPRINT)
Name of publisher Penguin Classics
Year of publication 2008
300 ## - PHYSICAL DESCRIPTION
Number of Pages 452 pages
500 ## - GENERAL NOTE
General note Isaiah Berlin witnessed the excesses of the Russian Revolution as a child, and in becoming one of the key liberal intellects of the last century some of his most important contributions were on the subject of Russia and the concept of freedom. In the ten essays gathered here, Berlin addresses the great Russian minds of the nineteenth century: Herzen, Bakunin, Turgenev, Belinsky and Tolstoy, as well as exploring the political and social revolutions they inspired and responded to. Berlin himself describes this extraordinary outpouring as ‘the largest single Russian contribution to social change in the world’.
650 ## - SUBJECT ADDED ENTRY--TOPICAL TERM
Topical Term Biography & Autobiography
942 ## - ADDED ENTRY ELEMENTS (KOHA)
Koha item type English Books
Holdings
Withdrawn status Lost status Damaged status Not for loan Home library Current library Shelving location Date acquired Full call number Accession Number Price effective from Koha item type
        Anna Centenary Library Anna Centenary Library 7TH FLOOR, B WING 23.07.2025 947.07 BER 415781 23.07.2025 English Books

Find us on the map